NÁLEZ RÍMSKEHO AES GRAVE S KELTSKÝMI MINCAMI V NITRE

Bibliographic Details
Main Author: Kolníková, Eva, 1935- (Author)
Format: Article
Language:Slovak
PhysicalDescription:Obr.
Subjects:

MARC

LEADER 00000nab a2200000 a 4500
001 vtls011130838
003 SK-MaSNL
005 20260305035454.0
008 230222|1964 xo |||||||||||||||||slo|
015 |a SNBRB 
035 |a (uuid)1e151b3c-1e1b-4404-ab72-d98d13a598a3 
035 |a (urnnbn)urn:nbn:sk:snk:ar-a09kpt 
035 |a urn:nbn:sk:snk-aba8m5 
040 |a SNKBUCL  |b slo  |c SNKBUCL  |e AACR2 
041 0 |a slo  |b ger 
044 |a xo  |c SK 
100 1 |a Kolníková, Eva,  |d 1935-  |4 aut  |9 26935 
245 1 0 |a NÁLEZ RÍMSKEHO AES GRAVE S KELTSKÝMI MINCAMI V NITRE  |c Eva Kolníková 
300 |b Obr. 
504 |a Bibliogr. odkazy 
546 |a Res. nem. 
648 7 |a 2. stor. pred Kr.  |2 SNKPH  |9 1618091 
650 0 7 |a rímske mince  |2 SNKPH  |9 3058 
650 0 7 |a medené mince  |2 SNKPH  |9 87262 
650 0 7 |a keltské mince  |2 SNKPH  |9 54575 
650 0 7 |a strieborné mince  |2 SNKPH  |9 82577 
650 0 7 |a archeologické nálezy  |2 SNKPH  |9 4975 
651 7 |a Nitra (Slovensko)  |2 SNKPHgeo  |9 15714 
773 0 |t Slovenská archeológia  |g Roč. 12, č. 2 (1964), s. [391]-408 
954 |a odborná, vedecká literatúra pôvodná (slovenská)  |2 lita 
958 |a OND 
958 |a EUIPO 
958 |a article13 
999 |c 3333970  |d 3335900